| 000 | 00669nam a2200169 a 4500 | ||
|---|---|---|---|
| 001 | 000044843 | ||
| 005 | 20210513144858.0 | ||
| 008 | 150114s2014 dr ac 000 0 spa d | ||
| 020 | _a9789945475272 | ||
| 040 |
_aDO-SdBNP _bspa _cBNPHU |
||
| 100 | 1 |
_aRamírez Cruz, Elías _972857 |
|
| 245 | 1 | 0 |
_aGeomorfología costera y regeneración de playas en República Dominicana / _cElías Ramírez Cruz, Carlos García Hernández, Raúl Martell Dubois. |
| 260 |
_aSanto Domingo : _bInstituto Panamericano de geografía e Historia, _c2014. |
||
| 300 |
_a416 p. : _bil., retrs. ; _c26 cm. |
||
| 700 |
_aHernández Contreras, Carlos _917540 |
||
| 700 | 1 |
_aMartell Dubois, Raúl _972859 |
|
| 999 |
_c44332 _d44332 |
||